Những điều kỳ diệu và bí mật của mọi thời đại
Cuốn sách này sưu tầm những tin tức, dữ liệu về những điều kỳ diệu và bí hiểm nhất, những hiện tượng lạ đã xảy ra qua mọi thời đại
Uloženo v:
| Hlavní autor: | |
|---|---|
| Médium: | Kniha |
| Jazyk: | Undetermined |
| Vydáno: |
Hà Nội
Văn hoá Thông tin
2000
|
| Témata: | |
| Tagy: |
Přidat tag
Žádné tagy, Buďte první, kdo otaguje tento záznam!
|
| Thư viện lưu trữ: | Trung tâm Học liệu Trường Đại học Cần Thơ |
|---|
| LEADER | 00816nam a2200205Ia 4500 | ||
|---|---|---|---|
| 001 | CTU_36837 | ||
| 008 | 210402s9999 xx 000 0 und d | ||
| 020 | |c 54000 | ||
| 082 | |a 001 | ||
| 082 | |b K16 | ||
| 100 | |a Kandyba, Vichtor | ||
| 245 | 0 | |a Những điều kỳ diệu và bí mật của mọi thời đại | |
| 245 | 0 | |c Vichtor Kandyba ; Hồ Quốc Vỹ ( dịch ) | |
| 260 | |a Hà Nội | ||
| 260 | |b Văn hoá Thông tin | ||
| 260 | |c 2000 | ||
| 520 | |a Cuốn sách này sưu tầm những tin tức, dữ liệu về những điều kỳ diệu và bí hiểm nhất, những hiện tượng lạ đã xảy ra qua mọi thời đại | ||
| 650 | |a Knowledge | ||
| 904 | |i Minh | ||
| 980 | |a Trung tâm Học liệu Trường Đại học Cần Thơ | ||